Lead finishing in semiconductor devices : soldering /
Sparad:
| Huvudupphovsman: | |
|---|---|
| Materialtyp: | Sách giấy |
| Publicerad: |
Singapore :
World Scientific,
1989.
|
| Taggar: |
Lägg till en tagg
Inga taggar, Lägg till första taggen!
|
| Thư viện lưu trữ: | Thư viện Trường Đại học Đà Lạt |
|---|
| LEADER | 00859nam a2200325 4500 | ||
|---|---|---|---|
| 001 | DLU060056920 | ||
| 005 | ##20021106102609.0 | ||
| 008 | ##940830s1994 si a b 010 0 eng d | ||
| 010 | # | # | |a 95104222 |
| 020 | # | # | |a 9971507315 |
| 035 | # | # | |9 (DLC) 95104222 |
| 035 | # | # | |a (OCoLC)31031157 |
| 040 | # | # | |a WaU |c WaU |d IU |d DLC |
| 042 | # | # | |a lccopycat |
| 082 | # | # | |a 621.381 |b TA-A |
| 100 | # | # | |a Tan, A. C. |
| 245 | # | # | |a Lead finishing in semiconductor devices : |b soldering / |c A. C. Tan |
| 260 | # | # | |a Singapore : |b World Scientific, |c 1989. |
| 300 | # | # | |a xxi, 245p ; |c 22 cm. |
| 504 | # | # | |a Includes bibliographical references. |
| 923 | # | # | |a 26/2006 |
| 992 | # | # | |a 8000 |
| 994 | # | # | |a DLU |
| 900 | # | # | |a True |
| 911 | # | # | |a Thái Thị Thanh Thủy |
| 925 | # | # | |a G |
| 926 | # | # | |a A |
| 927 | # | # | |a SH |
| 980 | # | # | |a Thư viện Trường Đại học Đà Lạt |


